000 00651nam a2200169Ia 4500
008 100122s9999 xx 000 0 und d
082 _b62204
_a808.4
100 _aतांबे राजीव
245 _aमाझे मराठी निबंध (इयत्ता 1/2 री )
260 _bश्रध्दा प्रकाशन
_c2000
300 _a40
520 _a1 ली व 2 री
620 _a1 ली व 2 री
630 _aमाझे मराठी निबंध (इयत्ता 1/2 री )
730 _aमाझे मराठी निबंध (इयत्ता 1/2 री )
942 _cBOOK
999 _c436593
_d436590